LEADER 01181nam1-2200385---450- 001 990001091760203316 005 20040206101309.0 035 $a000109176 035 $aUSA01000109176 035 $a(ALEPH)000109176USA01 035 $a000109176 100 $a20021015d2001----km-y0itaa50------ba 101 0 $aita 102 $aIT 105 $ay---z---001yy 200 1 $aManuale di regia$fG.Amodio, J.Flint, M.Pintersmann 210 $aFaenza$cEditrice cinetecnica$d2001- 215 $av.$d21 cm 463 \1$1001990001091770203316$12001 $a<> <> scrittura cinematografica 463 \1$1001990001091780203316$12001 $a<> <> ripresa cinematografica 606 0 $aRegia cinematografica 676 $a791.430233 700 1$aAMODIO,$bGiuseppe$0416881 701 1$aFLINT,$bJ.$0554028 702 1$aPINTERSMANN,$bM. 801 0$aIT$bsalbc$gISBD 912 $a990001091760203316 951 $aXVI E/$bL.M.$cXVI E 959 $aBK 969 $aUMA 979 $aANGELA$b90$c20021015$lUSA01$h1624 979 $aPATRY$b90$c20040206$lUSA01$h1013 979 $aPATRY$b90$c20040406$lUSA01$h1715 996 $aManuale di regia$9978309 997 $aUNISA LEADER 01858nam 2200445 450 001 9910706147503321 005 20170905151853.0 035 $a(CKB)5470000002454953 035 $a(OCoLC)1002857899 035 $a(EXLCZ)995470000002454953 100 $a20170905j199911 ua 0 101 0 $aeng 135 $aurbn||||||||| 181 $ctxt$2rdacontent 182 $cc$2rdamedia 183 $acr$2rdacarrier 200 10$aIn-space internet-based communications for space science platforms using commercial satellite networks /$fRobert J. Kerczewski [and five others] 210 1$aCleveland, Ohio :$cNational Aeronautics and Space Administration, Glenn Research Center,$dNovember 1999. 215 $a1 online resource (9 pages) $cillustrations 225 1 $aNASA/TM ;$v1999-209456 300 $a"November 1999." 300 $a"Prepared for the Fifth Ka Band Utilization Conference sponsored by the Istituto Internazionale delle Comunicazioni, Taormina, Sicily Island, Italy, October 18-20, 1999." 300 $aPerforming organization: National Aeronautics and Space Administration, John H. Glenn Research Center at Lewis Field"--Report documentation page. 320 $aIncludes bibliographical references (page 9). 606 $aSatellite communication$2nasat 606 $aCommunication networks$2nasat 606 $aInternets$2nasat 606 $aSpace platforms$2nasat 615 7$aSatellite communication. 615 7$aCommunication networks. 615 7$aInternets. 615 7$aSpace platforms. 700 $aKerczewski$b Robert J.$01389314 712 02$aNASA Glenn Research Center, 801 0$bGPO 801 1$bGPO 906 $aBOOK 912 $a9910706147503321 996 $aIn-space internet-based communications for space science platforms using commercial satellite networks$93498027 997 $aUNINA